|
|
|
|
| LEADER |
02754nam a2200685 i 4500 |
| 001 |
nkc20213324155 |
| 003 |
CZ PrNK |
| 005 |
20210805124437.0 |
| 007 |
ta |
| 008 |
210513s2021 xr a c 000 0 cze |
| 015 |
|
|
|a cnb003324155
|
| 020 |
|
|
|a 978-80-907437-8-6
|q (brožováno)
|
| 035 |
|
|
|a (OCoLC)1263276537
|
| 040 |
|
|
|a OLA001
|b cze
|d ABA001
|e rda
|
| 045 |
|
|
|a w-w-
|
| 072 |
|
7 |
|a 821.162.3.09
|x Česká literatura (o ní)
|2 Konspekt
|9 11
|
| 072 |
|
7 |
|a 0/9-053.2
|x Literatura pro děti a mládež (naučná)
|2 Konspekt
|9 26
|
| 080 |
|
|
|a 821.162.3-3
|2 MRF
|
| 080 |
|
|
|a 821.162.3-34
|2 MRF
|
| 080 |
|
|
|a 7.04
|2 MRF
|
| 080 |
|
|
|a (0.053.2)
|2 MRF
|
| 080 |
|
|
|a (084.053.2)
|2 MRF
|
| 100 |
1 |
|
|a Suchomelová, Eva,
|d 1974-
|7 jo20211101865
|4 aut
|
| 245 |
1 |
0 |
|a Staré pověsti české - Alois Jirásek /
|c Eva Suchomelová a Eva Hanoutová
|
| 250 |
|
|
|a Vydání první
|
| 264 |
|
1 |
|a [Vysoké nad Jizerou] :
|b Blanka Kučerová - vydavatelství OBLAK,
|c [2021]
|
| 300 |
|
|
|a 15 stran :
|b ilustrace ;
|c 30 cm +
|e 1 mapa: Staré pověsti české Aloise Jiráska ve slepých mapách (43 x 60 cm složeno na 22 x 15 cm)
|
| 336 |
|
|
|a text
|b txt
|2 rdacontent
|
| 336 |
|
|
|a statický obraz
|b sti
|2 rdacontent
|
| 337 |
|
|
|a bez média
|b n
|2 rdamedia
|
| 338 |
|
|
|a svazek
|b nc
|2 rdacarrier
|
| 490 |
1 |
|
|a Omalovánkový čtenářský deník
|
| 500 |
|
|
|a "Texty: Eva Suchomelová ; kresby: Eva Hanoutová"--Tiráž
|
| 500 |
|
|
|a Název z obálky
|
| 500 |
|
|
|a Autory mapy jsou: Jan Staněk, Blanka Kučerová
|
| 500 |
|
|
|a 1000 výtisků
|
| 600 |
1 |
7 |
|a Jirásek, Alois,
|d 1851-1930.
|t Staré pověsti české
|7 aun2007415093
|2 czenas
|
| 648 |
|
7 |
|a 19. století
|7 ch460557
|2 czenas
|
| 650 |
0 |
7 |
|a česká próza
|7 ph116861
|y 19. století
|2 czenas
|
| 650 |
0 |
7 |
|a české pověsti
|7 ph128145
|2 czenas
|
| 650 |
0 |
7 |
|a náměty, témata a motivy
|7 ph138485
|2 czenas
|
| 650 |
0 |
9 |
|a Czech prose literature
|y 19th century
|2 eczenas
|
| 650 |
0 |
9 |
|a Czech legends
|2 eczenas
|
| 650 |
0 |
9 |
|a themes and motives
|2 eczenas
|
| 655 |
|
7 |
|a publikace pro děti
|7 fd133156
|2 czenas
|
| 655 |
|
7 |
|a omalovánky
|7 fd182999
|2 czenas
|
| 655 |
|
9 |
|a children's literature
|2 eczenas
|
| 655 |
|
9 |
|a colouring books
|2 eczenas
|
| 700 |
1 |
|
|a Hanoutová, Eva,
|d 1976-
|7 xx0224462
|4 ill
|
| 700 |
1 |
|
|a Staněk, Jan
|4 aut
|
| 700 |
1 |
|
|a Kučerová, Blanka
|7 xx0224461
|4 aut
|
| 700 |
1 |
|
|a Jirásek, Alois,
|d 1851-1930.
|t Staré pověsti české
|7 aun2007415093
|
| 740 |
0 |
2 |
|a Staré pověsti české Aloise Jiráska ve slepých mapách
|
| 830 |
|
0 |
|a Omalovánkový čtenářský deník
|0 s
|
| 910 |
2 |
|
|a BOA001
|b 4-1465.970
|
| 928 |
9 |
|
|a OBLAK
|
| 990 |
|
|
|a BK
|
| 995 |
|
|
|a 01
|
| 991 |
|
|
|b 202107
|c NOV
|
| 996 |
6 |
|
|b 2610870549
|c 4-1465.970
|l MZK
|r Sklad / do 1 hodiny
|n 0
|p p.v.
|w 001856148
|u 000010
|a 1
|e BOA001
|j MZK50
|s P
|